Seventh Malaysia Plan 1996-2000

Bibliographic Details
Corporate Author: Malaysia. Prime Minister's Department
Format: Book
Language:English
Published: Kuala Lumpur : Economic Planning Unit Prime Minister Department 1996
Subjects:

MARC

LEADER 00000cam a2200000 7i4500
001 0000008202
005 20240913.0
008 010107 my a eng
022 |a 01288504 
040 |a INS   |b eng   |e rda 
090 0 0 |a HC497.M2   |b .M35 1996 
110 1 |a Malaysia. Prime Minister's Department 
245 0 0 |a Seventh Malaysia Plan 1996-2000 
264 1 |a Kuala Lumpur :   |b Economic Planning Unit Prime Minister Department   |c 1996 
300 |a xxxviii, 746 pages :   |b colour illustrations ;   |c 27 cm. 
336 |a text  |2 rdacontent 
337 |a unmediated  |2 rdamedia 
338 |a volume  |2 rdacarrier 
500 |a Includes index 
651 0 |a Malaysia   |x Economic conditions 
651 0 |a Malaysia   |x Economic policy 
720 2 |a Malaysia   |e Prime Minister's Department 
999 |a 0000006216   |b BOOK   |c Red Spot   |e Default branch